Admiralty Tide Tables, vol 3 : Indian Ocean including Tidal Stream Tables / (Record no. 64)

000 -LEADER
fixed length control field 00609nam a2200181Ia 4500
008 - FIXED-LENGTH DATA ELEMENTS--GENERAL INFORMATION
fixed length control field 190719s9999||||xx |||||||||||||| ||und||
020 ## - INTERNATIONAL STANDARD BOOK NUMBER
International Standard Book Number 9780707721705
Terms of availability Rs. 2579.00
040 ## - CATALOGING SOURCE
Original cataloging agency IMU Kochi
082 04 - DEWEY DECIMAL CLASSIFICATION NUMBER
Classification number 623.894909165
Item number Un314
110 ## - MAIN ENTRY--CORPORATE NAME
Corporate name or jurisdiction name as entry element Great Britain.
Subordinate unit Hydrographic Office
245 #0 - TITLE STATEMENT
Title Admiralty Tide Tables, vol 3 : Indian Ocean including Tidal Stream Tables /
Statement of responsibility, etc. United Kingdom Hydrographic Office
250 ## - EDITION STATEMENT
Edition statement 2017th ed.
260 ## - PUBLICATION, DISTRIBUTION, ETC.
Place of publication, distribution, etc. Taunton :
Name of publisher, distributor, etc. United Kingdom Hydrographic Office ,
Date of publication, distribution, etc. 2017
300 ## - PHYSICAL DESCRIPTION
Extent xliii, 269 p.
Dimensions ; 30 cm.
490 ## - SERIES STATEMENT
Series statement NP ;
Volume/sequential designation 203
650 ## - SUBJECT ADDED ENTRY--TOPICAL TERM
Topical term or geographic name entry element Tides
Form subdivision Tables
942 ## - ADDED ENTRY ELEMENTS (KOHA)
Source of classification or shelving scheme
Koha item type Books
Holdings
Withdrawn status Lost status Damaged status Not for loan Collection code Permanent Location Current Location Shelving location Date acquired Source of acquisition Cost, normal purchase price Total Checkouts Full call number Barcode Date last seen Date last checked out Price effective from Koha item type Public note
        Nautical Science IMU Kochi Library IMU Kochi Library Reference 2017-07-25 Excel Books Pvt. Ltd. 2579.00 1 623.894909165 Un314 BK004591 2024-04-15 2024-04-15 2019-07-19 Books Shelf-4, Row-2
        Nautical Science IMU Kochi Library IMU Kochi Library Reference 2017-07-25 Excel Books Pvt. Ltd. 2579.00 2 623.894909165 Un314 BK004592 2019-07-24 2019-07-23 2019-07-19 Books Shelf-4, Row-2


Copyright © All Rights Reserved by Indian Maritime University, Kochi Campus.
For any Suggestions/Query Contact to library or Email: library.kochi@imu.ac.in Ph:(0484)-2989402
(Web OPAC Designed by Rudra Ranjan. Maintained by IMU Kochi Library)

Powered by Koha